| 000 | 01524cam a2200277 a 4500 | ||
|---|---|---|---|
| 001 | 13618031 | ||
| 005 | 20250113135021.0 | ||
| 008 | 040324s2003 ii a b 001 0beng | ||
| 010 | _a 2004325134 | ||
| 020 | _a0670049557 (jkt.) | ||
| 025 | _aI-E-2004-325134; 62-92 | ||
| 040 |
_aDLC _cDLC |
||
| 082 | _a347.73,KID | ||
| 100 | 1 |
_aKidwai, Rasheed. _9127516 |
|
| 245 | 1 | 0 |
_aSonia: a Biography / _cRasheed Kidwai. |
| 260 |
_aNew Delhi ; _aNew York, NY : _bPenguin, _c2003. |
||
| 300 |
_ax, 240 p. : _bill. ; _c22 cm. |
||
| 505 | _aA Tragedy in Sriperumbudur (Page-), The Search for A Successor (Page-8), A Long Journey from Orbassano (Page-24), A Tale of Two Bahus (Page-33), The Prime Minister’s Wife (Page-43), A Tug of War (Page-52), Education Sonia (Page-78), Sonia Takes over the Congress (Page-103), The Favoured Few (Page-117), Sonia’s Faith (Page-129), The New Generation (Page-141), The Rebles (Page-158), The Controversies (Page-172), Sonia the Leader (Page-191), Looking to the Future (Page-205). | ||
| 520 | _aOn the life and times of Sonia Gandhi, b. 1946; leader of the Congress Party and widow of Rajiv Gandhi, b. 1944, former prime minister of India. | ||
| 600 | 1 | 0 |
_aGandhi, Sonia, _d1946- _9127517 |
| 610 | 2 | 0 |
_aIndian National Congress _vBiography. _9127518 |
| 650 | 0 |
_aPoliticians _zIndia _vBiography. _95509 |
|
| 650 | 0 |
_aPrime ministers' spouses _zIndia _vBiography. _9127519 |
|
| 651 | 0 |
_aIndia _xPolitics and government _y1947- _912045 |
|
| 942 |
_2ddc _cBK _h347.73,KID |
||
| 999 |
_c612619 _d612619 |
||